000 01612nam0a22003011 4500
001 rc\2771071
005 20250806203713.0
035 _a(NLR Aleph) 006897445
090 _a28150
_c28150
100 _a20110915d1941 u y0rusy50 ca
101 0 _arus
102 _aRU
105 _aa z |||a|
200 1 _aВ борьбе со стихией
_eОпыт скорост. снегоуборки на Новосиб. узле
_fСоставители: секретарь Новосиб. узлового парткома В. Куштейко, зам. нач. дистанции пути по политчасти П. Лабецкий, ст. дор. мастер С. Симаков и др.
210 _a[Новосибирск]
_cДор. ком-т Профсоюза железнодорожников Томской
_d1941
215 _a16 с.
_cил.
_d19 см.
300 _aВ конце текста указаны составители: секретарь Новосиб. узлового парткома В. Куштейко, зам. нач. дистанции пути по политчасти П. Лабецкий, ст. дор. мастер С. Симаков и др.
702 1 _aЛабецкий
_bП.
_4220
702 1 _aСимаков
_bС.
_4220
702 1 _aКуштейко
_bВ.
_4220
712 0 2 _aТомская железная дорога
_3RU\NLR\AUTH\8810005262
801 0 _aRU
_bNLR
_gpsbo
801 1 _aRU
_bELAR
_2rusmarc
852 _aNLR
_jТ88 Г-4/101
942 _cBOOK
945 _aРоссийская национальная библиотека
980 _aNB
980 _aBV